[Event "CUB Cup Ventana Sur"]
[Site "Bayamo"]
[Date "2018.08.23"]
[Round "8.3"]
[White "Neira Garcia, Llirbel Anei"]
[Black "Fontaine Saborit, Susette Leanet"]
[Result "1/2-1/2"]
[WhiteElo "1615"]
[BlackElo "1665"]
[PlyCount "29"]
[EventDate "2018.08.20"]
[EventType "team-tourn"]
[EventRounds "10"]
[EventCountry "CUB"]
[SourceTitle "CBM 195 Extra"]
[Source "ChessBase"]
[SourceDate "2020.05.31"]
[SourceVersion "1"]
[SourceVersionDate "2020.05.31"]
[SourceQuality "1"]

1. e4 e5 2. Nf3 Nf6 3. Nxe5 d6 4. Nf3 Qe7 5. d3 d5 6. Bg5 dxe4 7. dxe4 Qxe4+ 8. Qe2 Qxe2+ 9. Bxe2 Be7 10. Nc3 a6 11. 0-0-0 0-0 12. Nd4 Bb4 13. f3 Nc6 14. a3 Bxc3 15. bxc3 1/2-1/2

[Event "CUB Cup Ventana Sur"]
[Site "Bayamo"]
[Date "2018.08.20"]
[Round "1.2"]
[White "Robert Zamora, Ernesto"]
[Black "Fontaine Saborit, Susette Leanet"]
[Result "1-0"]
[WhiteElo "1665"]
[BlackElo "1665"]
[PlyCount "83"]
[EventDate "2018.08.20"]
[EventType "team-tourn"]
[EventRounds "10"]
[EventCountry "CUB"]
[SourceTitle "CBM 195 Extra"]
[Source "ChessBase"]
[SourceDate "2020.05.31"]
[SourceVersion "1"]
[SourceVersionDate "2020.05.31"]
[SourceQuality "1"]

1. e4 e5 2. Nf3 Nc6 3. Bc4 Bc5 4. c3 Nf6 5. d3 d6 6. Bb3 Bg4 7. Nbd2 0-0 8. Nf1 Re8 9. h3 Bh5 10. Ng3 Bg6 11. 0-0 Qe7 12. Nh4 Rad8 13. Ngf5 Bxf5 14. Nxf5 Qd7 15. Bg5 Ne7 16. Nh6+ Kf8 17. Bxf7 gxh6 18. Bxe8 Qxe8 19. Bxf6 Qg6 20. Qf3 Kf7 21. Bxe7+ Kxe7 22. Kh1 Rf8 23. Qg3 Qf6 24. f3 Qf4 25. Qxf4 Rxf4 26. g3 Rf6 27. f4 exf4 28. Rxf4 Rg6 29. d4 Bb6 30. g4 c6 31. Raf1 d5 32. Rf7+ Ke6 33. exd5+ Kxd5 34. Rxh7 Kc4 35. Rxb7 Kd3 36. Rbf7 Kc2 37. R1f2+ Kb1 38. R7f6 Rxf6 39. Rxf6 Kxa2 40. Rxc6 Kxb2 41. d5 a5 42. Rxb6+ 1-0